00342pab a2200121 454500008004000000100001800040245008900058260000900147300001300156362001200169650002600181773001300207180718b2013 xxu||||| |||| 00| 0 eng d aSingh, Tarika aFurther evidence on the information content of economic value added: Indian evidence c2013 ap.29-39. aJan-Mar aPerformance appraisal aAbhigyan